000 00273nam a2200121Ia 4500
008 190216s9999||||xx |||||||||||||| ||und||
100 _aGhosh A
245 0 _aIndian Economy
260 _bThe World Press Pvt Ltd
_c1976
300 _a695p
650 _aEconomics
942 _cBK
999 _c9634
_d9634